| 000 | 00514nam a22001457a 4500 | ||
|---|---|---|---|
| 082 | _a620.005 | ||
| 100 | _aMustafa, Yasir | ||
| 245 |
_aDeployment of enterprise resource planning (EPR) in Pakistan broadcasting corporation / _cYasir Mustafa. |
||
| 260 |
_aIslamabad: _bCEME - NUST, _c2014. |
||
| 300 |
_a92 p. : _bill. ; _c30cm. _e+CD. |
||
| 650 |
_aEngineering Management MS-Thesis. _916065 |
||
| 700 |
_aDr. Mohsin Islam Tiwana _917344 |
||
| 942 |
_2ddc _cTHE |
||
| 999 |
_c540615 _d540615 |
||